| 000 | 00378nam a2200145Ia 4500 | ||
|---|---|---|---|
| 008 | 230312s9999||||xx |||||||||||||| ||und|| | ||
| 020 | _a0-07-050269-7 | ||
| 082 |
_a720.19 _bKUN-H |
||
| 100 | _aKunders;G.D | ||
| 245 | 0 | _aHospital Facilities Planning and Management | |
| 260 |
_bMcGrawHill _aIndia _c2014 |
||
| 300 | _a507 | ||
| 650 |
_aArchitecture _vArt & Design |
||
| 942 | _cBK | ||
| 999 |
_c11567 _d11567 |
||